Napoleonic Wars-Multiple Choice - Statistics

General Stats
  • This quiz has been taken 45 times
  • The average score is 11 of 15
Answer Stats
Question Answer % Correct
What island was Napoleon exiled to for the final time? St. Helena
98%
What island was Napoleon exiled to for the first time? Elba
95%
Which two commanders beat Napoleon at Waterloo? Blucher and Duke of Wellington
93%
What country did Napoleon primarily fight in Italy? Austria
88%
What was the name of the battle that is considered "Napoleon's Masterpiece"? Austerlitz
85%
What was the first battle that Napoleon commanded in? Toulon
85%
During that battle, what type of commander was he at the start? Artillery captain
80%
What strategy did he use in that battle? Split the allied army in 2 and surrounded half of them
75%
What was also considered another one of the bloodiest battles of the wars? Borodino
70%
What nation that Napoleon fought suddenly declared war on him without getting help from the Allies? Prussia
53%
Who was Napoleon's "Iron Marshal"? Davout
50%
What was considered as one of the bloodiest battles for both sides that Napoleon fought? Eylau
50%
What percentage of Napoleon's army survived Russia and returned to France? (estimate) 1/6
48%
What was "Napoleons Blunder" of 1808? Invading Spain
48%
What battle did Napoleon defeat them in? Jena-Auerstedt
43%
No matching quizzes found
Score Distribution
Percent of People with Each Score
Percentile by Number Answered
Your Score History
You have not taken this quiz